[Event "Warsaw YMCA Spring-C 169th"]
[Site "Warsaw"]
[Date "2016.06.08"]
[Round "10"]
[White "Bialczak, Piotr"]
[Black "Karasek, Pawel"]
[Result "1-0"]
[WhiteElo "1596"]
[BlackElo "1632"]
[PlyCount "55"]
[EventDate "2016.04.06"]
[EventType "tourn"]
[EventRounds "13"]
[EventCountry "POL"]
[SourceTitle "EXT 2019"]
[Source "ChessBase"]
[SourceDate "2018.10.10"]
[SourceVersion "1"]
[SourceVersionDate "2018.10.10"]
[SourceQuality "1"]

1. e4 d5 2. exd5 Qxd5 3. Nf3 Bg4 4. Be2 e6 5. d4 Nf6 6. Be3 Qa5+ 7. Qd2 Bb4 8. c3 Bd6 9. a3 Nd5 10. 0-0 Nxe3 11. Qxe3 c6 12. Nbd2 Nd7 13. Nc4 Qc7 14. Nfe5 Bxe2 15. Qxe2 Be7 16. Rfe1 0-0 17. Rad1 b5 18. Nd2 a6 19. Ndf3 Nxe5 20. Nxe5 c5 21. dxc5 Bxc5 22. Rd7 Qc8 23. Qf3 f6 24. Qg4 g5 25. Qxe6+ Kh8 26. Ng6+ hxg6 27. Qh3+ Kg8 28. Qh7# 1-0

[Event "Warsaw YMCA Spring-C 169th"]
[Site "Warsaw"]
[Date "2016.04.22"]
[Round "1"]
[White "Trybula, Agata"]
[Black "Karasek, Pawel"]
[Result "0-1"]
[WhiteElo "1711"]
[BlackElo "1632"]
[PlyCount "88"]
[EventDate "2016.04.06"]
[EventType "tourn"]
[EventRounds "13"]
[EventCountry "POL"]
[SourceTitle "EXT 2019"]
[Source "ChessBase"]
[SourceDate "2018.10.10"]
[SourceVersion "1"]
[SourceVersionDate "2018.10.10"]
[SourceQuality "1"]

1. d4 Nf6 2. c4 e5 3. e3 exd4 4. exd4 Bb4+ 5. Bd2 Bxd2+ 6. Nxd2 0-0 7. Bd3 Re8+ 8. Ne2 d5 9. 0-0 Bg4 10. f3 Bh5 11. c5 Bg6 12. Bxg6 hxg6 13. Qb3 Rxe2 14. Qxb7 Nbd7 15. Rad1 Rb8 16. Qa6 Qe7 17. Nb3 Qe3+ 18. Kh1 Rxb2 19. Rde1 Qg5 20. Re2 Rxe2 21. Qxe2 Re8 22. Qd1 Qe3 23. Nc1 Nh5 24. g3 Qa3 25. Qd2 Nb8 26. Nd3 Nc6 27. g4 Nf6 28. Nf4 Qb4 29. Rd1 Qxd2 30. Rxd2 g5 31. Nh3 Nh7 32. Kg2 f6 33. Kf2 Kf7 34. Ng1 Nf8 35. Ne2 Ne6 36. Nc3 Ncxd4 37. Nxd5 c6 38. Nc3 Rh8 39. Kg3 a5 40. Ne4 Kg6 41. a4 Rb8 42. Rd3 Rb2 43. Nc3 Nf4 44. Rxd4 Rg2# 0-1

[Event "Warsaw YMCA Spring-C 169th"]
[Site "Warsaw"]
[Date "2016.04.20"]
[Round "3"]
[White "Kwiek, Janusz"]
[Black "Karasek, Pawel"]
[Result "1-0"]
[WhiteElo "1575"]
[BlackElo "1632"]
[PlyCount "91"]
[EventDate "2016.04.06"]
[EventType "tourn"]
[EventRounds "13"]
[EventCountry "POL"]
[SourceTitle "EXT 2019"]
[Source "ChessBase"]
[SourceDate "2018.10.10"]
[SourceVersion "1"]
[SourceVersionDate "2018.10.10"]
[SourceQuality "1"]

1. Nf3 Nf6 2. g3 d5 3. Bg2 c5 4. d4 e6 5. 0-0 Nc6 6. Bg5 h6 7. Bxf6 Qxf6 8. c3 Bd6 9. dxc5 Bxc5 10. e3 0-0 11. Nbd2 b6 12. Nb3 Be7 13. Re1 Rd8 14. Nbd4 Bb7 15. Nxc6 Bxc6 16. Nd4 Bb7 17. Qa4 e5 18. Ne2 Bc6 19. Qb3 Bc5 20. Red1 e4 21. Rd2 g5 22. Rad1 Qe7 23. Nd4 Bb7 24. Qa4 Bxd4 25. Qxd4 Rac8 26. Bf1 Rc5 27. Qa4 Ra5 28. Qb3 Rc8 29. a3 Rac5 30. Qa4 Bc6 31. Qd4 Ba8 32. Qb4 Qe8 33. Qb3 h5 34. Qb4 Qe6 35. Ba6 R8c7 36. c4 h4 37. cxd5 Bxd5 38. Qd4 Bb3 39. Qd8+ Kh7 40. Rd6 Qf5 41. Qf8 Be6 42. Rd8 Kg6 43. Qg8+ Kh6 44. Qh8+ Qh7 45. Qf6+ Kh5 46. Rh8 1-0